| 000 | 00593nam a22002057a 4500 | ||
|---|---|---|---|
| 003 | OSt | ||
| 005 | 20220107122750.0 | ||
| 008 | 140529b xxu||||| |||| 00| 0 eng d | ||
| 020 | _a9788126536658 | ||
| 040 | _cIIITM-K | ||
| 082 | _a658.4092 CHA/T | ||
| 100 |
_aChatterjee, Debashis _95652 |
||
| 245 |
_aTimeless leadership: _b18 leadership sutras from the Bhagavad Gita _cby Debashis Chatterjee |
||
| 260 |
_aNew Delhi, _bWiley, _c2012. |
||
| 300 | _axxii, 234p. | ||
| 650 |
_aMANAGEMENT _95653 |
||
| 650 |
_aLEADERSHIP MANAGEMENT _95654 |
||
| 650 |
_aBHAGAVAT GITA _95655 |
||
| 942 |
_2ddc _cBK |
||
| 999 |
_c4320 _d4320 |
||